| 000 | 00504nam a2200145 4500 | ||
|---|---|---|---|
| 001 | 140245 | ||
| 003 | ES-MaACL | ||
| 007 | t| | ||
| 008 | 070214q1964 sp r ||||1| spa d | ||
| 100 | 1 |
_aSegovia Azcárate, José María. _9105154 |
|
| 245 | 1 | 0 |
_aCien años en la vida del Círculo Mercantil y Agrícola de Huelva _b: 1863-1963 / _cJosé María Segovia Azcárate. |
| 260 |
_a[S. l. : _bs. n., _c1964?] ( _eHuelva : _fGirón) |
||
| 300 |
_a73 h. : _bil. ; _c22 cm. |
||
| 852 |
_aES-MaACL _jE-4988 _bR.88973 |
||
| 999 |
_c140245 _d140245 |
||